Woodland biodiversity, palaeo-human ecology and some implications for conservation management (Registro nro. 11969)

Detalles MARC
000 -CABECERA
Campo de control 006110000a22001930004500
090 ## - CLASIFICACIÓN LOCAL
Colección AR
Consecutivo 02909
041 0# - IDIOMA
Código de idioma para texto/pista de sonido o título separado
100 1# - ASIENTO PRINCIPAL--NOMBRE PERSONAL
Nombre personal Tipping, Richard
245 10 - MENCION DE TITULO
Título Woodland biodiversity, palaeo-human ecology and some implications for conservation management
650 14 - ASIENTO SECUNDARIO DE MATERIA - TERMINO TEMATICO
Término temático o nombre geográfico como elemento de entrada Sociedades prehistóricas
650 14 - ASIENTO SECUNDARIO DE MATERIA - TERMINO TEMATICO
Término temático o nombre geográfico como elemento de entrada Paleoecología
650 14 - ASIENTO SECUNDARIO DE MATERIA - TERMINO TEMATICO
Término temático o nombre geográfico como elemento de entrada Biodiversidad
651 #4 - ASIENTO SECUNDARIO DE MATERIA - NOMBRE GEOGRAFICO
-- Escocia
700 1# - ASIENTO SECUNDARIO - NOMBRE PERSONAL
Nombre personal Buchanan, James
700 1# - ASIENTO SECUNDARIO - NOMBRE PERSONAL
Nombre personal Davies, Althea
700 1# - ASIENTO SECUNDARIO - NOMBRE PERSONAL
Nombre personal Tisdall, Eileen
773 1# - Item fuente:
Título Journal of Biogeography
Especificación de materiales 248
Paginas del Articulo 33-43
Lugar, editorial y fecha de publicación 1999
Información sobre la relación 26
942 ## - ELEMENTOS ADICIONALES (KOHA)
Tipo de ítem Artículo
Existencias
Withdrawn status Lost status Damaged status No para préstamo Colección Ubicación Permanente Ubicación actual Fecha de adquisición Fuente de Valor Datos de publicación Seriada Total Checkouts Número topográfico Inventario / Código de Barras Date last seen Ejemplar Price effective from Forma de adquisición Tipo de material
      No para Préstamo Hemeroteca Bogotá Bogotá 27/02/2015 Gast, Fernando Fuera de circulación   AR 02909 013318 25/03/2015 1 25/03/2015   Artículo